00873cam a2200289 a 45000010005000000030006000050050017000110080041000280100017000690200021000860200022001070400018001290500017001470820012001641000019001762450070001952600037002653000059003024400034003615050007003955200069004025210019004715210018004906500019005086500019005277000037005465709FISKH20250115122237.0991202s2001 nyua b 000 1 eng  a 99088385  a0670891177 (hc.) a0140567089 (pbk.) aDLCcDLCbeng aPZ7.M515916  a808.06 1 aMeister, Cari.10aTiny the snow dog /cby Cari Meister ; illustrated by Rich Davis. aNew York :bPuffin Book, c2001. a30 unnumbered pages : bcolor illustrations ; c23 cm  0aViking easy-to-read.nLevel 1 aE  aTiny and his owner play in the snow and Tiny becomes a snow dog.8 a190 bLexile 8 aE bRaz-Plus  1aSnowvFiction. 1aDogsvFiction.1 aDavis, Richd1958-eillustrator